[Event "Ghent Eastman op 40th"]
[Site "Ghent"]
[Date "2017.07.16"]
[Round "3"]
[White "Lammens, Tim"]
[Black "Ongena, Niels"]
[Result "1-0"]
[WhiteElo "2304"]
[BlackElo "1879"]
[PlyCount "67"]
[EventDate "2017.07.15"]
[EventType "swiss"]
[EventRounds "9"]
[EventCountry "BEL"]
[SourceTitle "CBM 179 Extra"]
[Source "ChessBase"]
[SourceDate "2017.08.23"]
[SourceVersion "1"]
[SourceVersionDate "2017.08.23"]
[SourceQuality "1"]

1. Nf3 Nf6 2. g3 g6 3. b3 Bg7 4. Bb2 0-0 5. Bg2 d6 6. d4 Nbd7 7. 0-0 c6 8. Nbd2 Qc7 9. e4 e5 10. dxe5 dxe5 11. Re1 b5 12. a4 Bb7 13. Qe2 a6 14. c4 b4 15. c5 a5 16. h3 Ba6 17. Qe3 h6 18. Bf1 Bxf1 19. Rxf1 Rfd8 20. Nc4 Nh7 21. Rfd1 Nhf8 22. Rd6 Ne6 23. Rad1 Nexc5 24. Nfxe5 Nxe5 25. Bxe5 Bxe5 26. Rxd8+ Rxd8 27. Rxd8+ Qxd8 28. Qxc5 Qd1+ 29. Kg2 Qxb3 30. Nxe5 Qxa4 31. Nd7 Qa1 32. Qf8+ Kh7 33. Qxf7+ Qg7 34. Nf6+ 1-0